000 00499nam a22001697a 4500
020 _a9780745315874
082 _a848.912 09
_bBEN/G
100 _aBenjamin Noys
_9180090
245 _aGeorges Bataille:
_ba critical introduction/
_cby Benjamin Noys
260 _aLondon:
_bPluto Press,
_c2000.
300 _a165p.
650 _aFrench Writer Criticism
_9180091
650 _aGeorges Bataille Criticism
_9180092
650 _aLiterature French
_9180093
650 _aLiterature
_9180094
942 _cBK
999 _c143112
_d143112